| 000 | 00845nam a22002297a 4500 | ||
|---|---|---|---|
| 003 | OSt | ||
| 005 | 20110718134418.0 | ||
| 008 | 100316t xxu||||| |||| 00| 0 eng d | ||
| 020 | _a996600161 | ||
| 040 |
_aNEGST Library - Kenya _cNEGST Library - Kenya _dNEGST Library - Kenya |
||
| 050 | 1 | 4 |
_aBS 325 _b.M37 2008 |
| 110 | 2 | 0 |
_aBible Translation & Literacy, East Africa. _91065 |
| 245 | 1 | 0 | _aAraruut nyoo Reel. |
| 260 |
_aNairobi, Kenya : _bBible Translation and Literacy (E.A.) and Wycliffe Bible Translators, USA, _c2008. |
||
| 300 |
_avii, 730 p. _bill, maps _c22 cm. |
||
| 500 | _a"The New Testament in the Marakwet language of Kenya." - T.p. verson. | ||
| 500 | _a[Africana] | ||
| 630 |
_aBible. N.T. Marakwet. 2008. _91066 |
||
| 650 |
_aMarakwet language _vTexts. _91067 |
||
| 710 | 2 | 0 |
_aWycliffe Bible Translators _91068 |
| 942 |
_2lcc _cREF |
||
| 999 |
_c44964 _d44940 |
||